เกมทดสอบรูปพยัญชนะไทย ก-ฮ - Statistics

General Stats
  • This quiz has been taken 24,558 times
  • The average score is 16 of 44
Answer Stats
พยัญชนะ % Correct
100%
99%
79%
77%
72%
70%
69%
68%
67%
66%
65%
56%
52%
48%
46%
42%
36%
34%
31%
30%
28%
27%
26%
24%
22%
21%
21%
20%
19%
18%
17%
16%
15%
15%
14%
14%
13%
12%
11%
10%
10%
9%
9%
9%
No matching quizzes found
Score Distribution
Percent of People with Each Score
Percentile by Number Answered
Your Score History
You have not taken this quiz